A People and a Nation : (Rekord nr 47390)
| 000 -ETYKIETA REKORDU | |
|---|---|
| podpole kontrolne o stałej długości | 00684nam a2200217 i 4500 |
| 001 - NUMER KONTROLNY REKORDU | |
| pole kontrolne | bgj |
| 020 ## - MIĘDZYNARODOWY ZNORMALIZOWANY NUMER KSIĄŻKI - ISBN | |
| ISBN | 0395379377 |
| 040 ## - ŹRÓDŁO KATALOGOWANIA | |
| Instytucja, która utworzyła rekord | BPK |
| 041 0# - KOD JĘZYKA | |
| Kod języka tekstu | eng |
| 920 ## - Międzynarodowy znormalizowany numer książki – ISBN | |
| ISBN | 0-395-37937-7 |
| 008 - POLE O STAŁEJ DŁUGOŚCI - DANE KONTROLNE | |
| podpole kontrolne o stałej długości | s uk f |000 0 eng |
| 100 1# - NAZWA OSOBOWA | |
| Nazwa osobowa | NORTON, Mary Beth |
| 245 10 - TYTUŁ/ODPOWIEDZIALNOŚĆ | |
| Tytuł | A People and a Nation : |
| Ciąg dalszy tytułu | a history of the United States : since 1865. |
| Oznaczenie części/sekcji dzieła | Vol. 2 / |
| Pozostałe elementy strefy tytułu i oznaczenia odpowiedzialności | Mary Beth Norton [et al.]. |
| 250 ## - STREFA WYDANIA | |
| Oznaczenie wydania | 2nd edition. |
| 260 ## - STREFA ADRESU WYDAWNICZEGO | |
| Miejsce wydania | Boston : |
| Nazwa wydawcy/dystrybutora | Houghton Mifflin Company, |
| Data publikacji, dystrybucji/powstania dokumentu | c. 1986. |
| 300 ## - STREFA OPISU FIZYCZNEGO | |
| Objętość | XVII, 1017, A-42, C-1, I-26 : |
| Inne cechy fizyczne | maps, charts, ill., ; |
| Rozmiary | 26 cm. |
| 504 ## - UWAGA DOTYCZĄCA BIBLIOGRAFII | |
| Informacje o bibliografii | References after each chapter. |
| 505 ## - SFORMALIZOWANA UWAGA DOTYCZĄCA ZAWARTOŚCI | |
| Pełny tekst uwagi | Includes index. |
| 651 #9 - HASŁO PRZEDMIOTOWE W FORMIE NAZWY GEOGRAFICZNEJ | |
| Nazwa geograficzna | United States |
| Określnik ogólny | History |
| 856 ## - LOKALIZACJA I DOSTĘP DO ELEKTRONICZNYCH DOKUMENTÓW ZDALNYCH | |
| Link (URL) | http://koha.tu.koszalin.pl/cgi-bin/koha/opac-detail.pl?biblionumber=47390 |
| Tekst linku | Katalog online BPK |
| 942 ## - DODATKOWE ELEMENTY (KOHA) | |
| Typ dokumentu | Książka |
| Wycofany | Status egzemplarza | Uszkodzony | Dostępność | Lokalizacja stała | Lokalizacja bieżąca | Miejsce przechowywania | Sygnatura | Kod kreskowy | Dział | Typ dokumentu |
|---|---|---|---|---|---|---|---|---|---|---|
| Tylko na miejscu | Biblioteka Politechniki Koszalińskiej | Biblioteka Politechniki Koszalińskiej | Czytelnia Wydziałowa ul. Kwiatkowskiego 6e | KA 3554 | 09019706 | 94(73) Historia USA | Książka |
